| 000 | 00486nam a2200169Ia 4500 | ||
|---|---|---|---|
| 005 | 20250508152849.0 | ||
| 008 | 008 250505s9999 xx 000 0 eng d | ||
| 037 | _aBooks to be hide in OPAC | ||
| 040 |
_aFEDL _beng _cFEDL |
||
| 041 |
_aeng _2eng |
||
| 084 |
_a741, CHA/O _qFEDL |
||
| 100 |
_aChaitanya Krishna Ed. _9762604 |
||
| 245 | 0 | _aArt of Basub Tagore | |
| 260 |
_aNew Delhi, India _bDhoomi Mal Dharam Das |
||
| 942 |
_cHB _h741, CHA/O |
||
| 999 |
_c1339269 _d1339269 |
||